000 00300nam a22001337a 4500
008 171013b xxu||||| |||| 00| 0 eng d
020 _a9780072825770
041 _aeng
080 _24TH
_a316
100 _a50
101 _aSOC
245 _aREADINGS IN SOCIAL THEORY
_cFARGANIS,J
942 _2udc
_cBK
999 _c33633
_d33633